00346nam a2200133Ia 45000030006000000080041000060400015000471000020000622450058000822600037001403000006001775460012001830050017001950STCL150530s9999 xx 000 0 und d aSTCLcSTCL aSunita Vashisth aAggnya, Dharmvir Bharti Aur Mohan Rakesh Ki Kathyatra bChinmaya Prakashan; Jaipurc1986 a0 aEnglish20220125171310.0